| 000 | 01344 a2200409 4500 | ||
|---|---|---|---|
| 001 | 0000 | ||
| 003 | 0000 | ||
| 005 | 20260312120738.0 | ||
| 020 | _a9789780916261 | ||
| 040 | _bEng | ||
| 042 | _alccopycat | ||
| 050 | 0 | 0 | _aRG 101 .A33 |
| 082 | 0 | 4 |
_a618 _223 |
| 100 | 1 | _aEdited by Abudu, Olalekan | |
| 245 | 1 | 0 |
_aAgboola's Textbook of Obstetrics and gynaecology for medical students _cEdited by Olalekan Abudu and Joseph Otubu |
| 250 | _a3rd. ed. | ||
| 264 | 1 |
_aIbadan _bHEBN Publishers _c2021 |
|
| 300 | _axvii, 657p. ill. | ||
| 336 |
_atext _btxt _2rdacontent |
||
| 336 |
_astill image _bsti _2rdacontent |
||
| 337 |
_aunmediated _bn _2rdamedia |
||
| 338 |
_avolume _bnc _2rdacarrier |
||
| 490 | 1 | _aCrash course | |
| 500 | _aIncludes index | ||
| 650 | 0 |
_aObstetrics _vOutlines, syllabi, etc. |
|
| 650 | 0 |
_aGynecology _vOutlines, syllabi, etc. |
|
| 650 | 1 | 2 | _aObstetrics. |
| 650 | 1 | 2 | _aGynecology. |
| 650 | 7 |
_aGynecology. _2fast _0(OCoLC)fst00949684 |
|
| 650 | 7 |
_aObstetrics. _2fast _0(OCoLC)fst01042994 |
|
| 655 | 7 |
_aOutlines and syllabi. _2fast _0(OCoLC)fst01423836 |
|
| 776 | 0 | 8 |
_iEbook version : _z9780702073489 |
| 830 | 0 | _aCrash course. | |
| 906 |
_a7 _bcbc _ccopycat _d2 _encip _f20 _gy-gencatlg |
||
| 942 |
_2lcc _cBK |
||
| 999 |
_c44120 _d44120 |
||